000 00540nam a2200181Ia 4500
005 20250326125134.0
008 250326s9999 xx 000 0 und d
037 _aTextbook
040 _aFMSL
_beng
_cFMSL
041 _aeng
_2eng
084 _aX:97-8 L9
_qFMSL
100 _aKudchedkar L S
_9310879
245 0 _aAspects of personnel management and industrial relations
_cKudchedkar L S
260 _aNew Delhi
_bNew Delhi, Tata McGraw-Hill
_c1979
300 _a154p
942 _cTB
_hX:97-8 L9
999 _c1276710
_d1276710